The Big Board: Europe Quiz Stats

 Plays Quiz Updated May 29, 2018

Challenge
Share
Tweet
Score 0/36 Timer 07:00
0 Plays Today
Hint Answer % Correct
Name the five countries that use these predominantly red flags.
100%
Give a European capital city that contains each letter sequence.
99.9%
List both of the pair of bordering countries shown in each image.
99.9%
Name the mountain range that contains each of these peaks.
99.9%
Identify the sea described in each clue.
99.9%
Provide the name of each famous site in Europe pictured below.
99.9%
Portugal & Spain
90%
Turkey
85.7%
Alps
83.1%
Moscow
79.7%
Denmark
79%
Bern, Berlin, Belgrade
75.5%
Parthenon
73.8%
Mediterranean Sea
71.9%
North Sea
69.4%
Black Sea
68.1%
Albania
67.4%
Germany & Poland
66.2%
Hint Answer % Correct
Tower Bridge
64.7%
Macedonia
63.9%
Brandenburg Gate
59%
Baltic Sea
57.4%
Croatia & Bosnia and Herzegovina
55.8%
Copenhagen
55.6%
The Little Mermaid
55.6%
Estonia & Latvia
50.9%
Montenegro
48.1%
Pyrenees
47.4%
Aegean Sea
45.9%
Chisinau, Helsinki
42.2%
Slovakia & Hungary
39.5%
Bucharest
25.7%
Caucasus
24%
Carpathians
22.7%
Atomium
21.1%
Balkans
13.2%

You're not logged in!

Compare scores with friends on all Sporcle quizzes.
Join for Free
OR
Log In

You Might Also Like...

Show Comments

Extras

Top Quizzes Today


Score Distribution

Your Account Isn't Verified!

In order to create a playlist on Sporcle, you need to verify the email address you used during registration. Go to your Sporcle Settings to finish the process.

Report this User

Report this user for behavior that violates our Community Guidelines.

Details: